[Event "II Liga CS - Istok"]
[Site "Golubac"]
[Date "2008.09.14"]
[Round "1.1"]
[White "Govedarica, Radovan"]
[Black "Raicevic, Ivica"]
[Result "1-0"]
[WhiteElo "2399"]
[BlackElo "2303"]
[PlyCount "85"]
[EventDate "2008.09.14"]

1. e4 e6 2. d4 d5 3. Nc3 Be7 4. Nf3 Nf6 5. Bd3 c5 6. exd5 exd5 7. dxc5 O-O 8.
O-O Bxc5 9. Bg5 Be6 10. Qd2 Nbd7 11. Be3 a6 12. Bxc5 Nxc5 13. h3 Nfe4 14. Qe3
Nxd3 15. Qxd3 Nxc3 16. Qxc3 Rc8 17. Qd2 Qf6 18. Nd4 Qg6 19. Kh2 Bf5 20. c3 Be4
21. f3 Qd6+ 22. g3 Bg6 23. Rfe1 h5 24. h4 Rfe8 25. Rxe8+ Rxe8 26. Re1 Rxe1 27.
Qxe1 Kh7 28. Kg2 Qb6 29. Qd2 Bb1 30. a3 Qc5 31. Qf4 Bg6 32. Qd2 Bb1 33. Ne2 g6
34. Nf4 Ba2 35. Nd3 Qb5 36. Ne5 Kg7 37. g4 f6 38. Nd3 hxg4 39. fxg4 d4 40. Nf4
Qc6+ 41. Kg3 dxc3 42. bxc3 Kf7 43. Qxa2+ 1-0

[Event "II Liga CS - Istok"]
[Site "Golubac"]
[Date "2008.09.14"]
[Round "1.1"]
[White "Dmitrovic, Tomislav"]
[Black "Dezelin, Milan"]
[Result "1/2-1/2"]
[WhiteElo "2272"]
[BlackElo "2318"]
[PlyCount "44"]
[EventDate "2008.09.14"]

1. d4 Nf6 2. Nf3 e6 3. Bf4 c5 4. e3 Nc6 5. c3 Be7 6. h3 b6 7. Nbd2 Bb7 8. Be2
O-O 9. O-O Nd5 10. Bh2 f5 11. dxc5 bxc5 12. Nc4 d6 13. Re1 Na5 14. Nfd2 Kh8 15.
Nxa5 Qxa5 16. Bf3 Qa6 17. e4 fxe4 18. Rxe4 e5 19. Ra4 Qb6 20. Qb3 Qc6 21. Be4
Qd7 22. Ra5 Nb6 1/2-1/2

[Event "II Liga CS - Istok"]
[Site "Golubac"]
[Date "2008.09.14"]
[Round "1.1"]
[White "Lapcevic, Milos"]
[Black "Zafirovski, Mite"]
[Result "1-0"]
[WhiteElo "2342"]
[BlackElo "2270"]
[PlyCount "144"]
[EventDate "2008.09.14"]

1. d4 Nf6 2. c4 e6 3. Nc3 Bb4 4. Qc2 O-O 5. a3 Bxc3+ 6. Qxc3 b6 7. Bg5 Bb7 8.
e3 d6 9. Ne2 Nbd7 10. Qd3 Ba6 11. Nc3 d5 12. Qc2 Bxc4 13. Bxc4 dxc4 14. Qa4 h6
15. Bh4 b5 16. Qxb5 Nb6 17. O-O a6 18. Qc5 Re8 19. f4 Nbd5 20. Bxf6 Qxf6 21.
Nd1 Nb6 22. Qxc7 Rab8 23. Rf2 Qf5 24. Rd2 Rec8 25. Qe5 Qg6 26. Nc3 Ra8 27. Rf1
Nd7 28. Qe4 f5 29. Qc2 Nf6 30. Na4 Nd5 31. Re1 Qf7 32. Nc5 Nb6 33. h3 Rc6 34.
Kh2 Rac8 35. Rc1 Nd5 36. Re2 Qh5 37. Qxc4 Nf6 38. Qd3 Ne4 39. Rec2 Nf6 40. b4
Kh8 41. Qe2 Qg6 42. Qf3 h5 43. Qg3 Qf7 44. Qh4 Kg8 45. Rg1 Ne4 46. Rgc1 Nf6 47.
Qe1 Qg6 48. Rc3 Nd5 49. R3c2 h4 50. Qxh4 Nxe3 51. Re2 Nd5 52. Rce1 Re8 53. Re5
Nf6 54. R1e3 Rd6 55. Nxe6 Rexe6 56. Rxe6 Rxe6 57. Rxe6 Ng4+ 58. hxg4 Qxe6 59.
g5 Qd6 60. Qf2 Qg6 61. Qf3 Qd6 62. d5 g6 63. Kg3 Qe7 64. Qd3 Qe1+ 65. Kf3 Qh4
66. d6 Qg4+ 67. Ke3 Qg3+ 68. Kd4 Qxf4+ 69. Kc5 Kf8 70. d7 Qc7+ 71. Kd4 Qxd7+
72. Kc3 Qc7+ 1-0

[Event "II Liga CS - Istok"]
[Site "Golubac"]
[Date "2008.09.14"]
[Round "1.1"]
[White "Turudic, Nenad"]
[Black "Djokic, Nebojsa"]
[Result "0-1"]
[WhiteElo "2224"]
[BlackElo "2220"]
[PlyCount "90"]
[EventDate "2008.09.14"]

1. e4 c5 2. Nf3 Nc6 3. d4 cxd4 4. Nxd4 g6 5. Nc3 Bg7 6. Be3 Nf6 7. Nxc6 bxc6 8.
e5 Ng8 9. Bd4 f6 10. exf6 Nxf6 11. a3 O-O 12. Be2 d6 13. b4 e5 14. Be3 Be6 15.
O-O d5 16. Na4 Nd7 17. Nc5 Nxc5 18. Bxc5 Rf7 19. Bg4 Bf5 20. Qe2 Qd7 21. Bxf5
gxf5 22. Rad1 a5 23. f4 e4 24. Qe3 axb4 25. axb4 Qb7 26. c3 Ra3 27. Bd4 Bxd4
28. Qxd4 Qa7 29. Qxa7 Rfxa7 30. b5 Rxc3 31. bxc6 Ra5 32. Rc1 d4 33. Rxc3 dxc3
34. Rc1 Rc5 35. Kf2 Rxc6 36. Ke3 Rc4 37. Rc2 Kf7 38. Rc1 Ke6 39. Rd1 h5 40. g3
c2 41. Rc1 Kd5 42. h4 Rc3+ 43. Kd2 Kd4 44. Ra1 c1=Q+ 45. Rxc1 e3+ 0-1

[Event "II Liga CS - Istok"]
[Site "Golubac"]
[Date "2008.09.14"]
[Round "1.1"]
[White "Madjar, Stanislav"]
[Black "Bura, Goran"]
[Result "1/2-1/2"]
[WhiteElo "2205"]
[BlackElo "2152"]
[PlyCount "45"]
[EventDate "2008.09.14"]

1. c4 Nf6 2. Nc3 c6 3. Nf3 d5 4. cxd5 cxd5 5. d4 a6 6. g3 Nc6 7. Bg2 Bf5 8. O-O
e6 9. Bf4 Be7 10. Ne5 Rc8 11. Rc1 O-O 12. Nxc6 Rxc6 13. Na4 Rxc1 14. Qxc1 Qd7
15. b3 Rc8 16. Qa1 Qb5 17. Bf3 Bg4 18. Bxg4 Nxg4 19. Qb2 g5 20. Rc1 Rc6 21.
Rxc6 Qxc6 22. Bd2 h6 23. Qc1 1/2-1/2

[Event "II Liga CS - Istok"]
[Site "Golubac"]
[Date "2008.09.14"]
[Round "1.1"]
[White "Nikolic, Zeljko"]
[Black "Zivanovic, Nenad"]
[Result "0-1"]
[WhiteElo "2219"]
[BlackElo "2198"]
[PlyCount "64"]
[EventDate "2008.09.14"]

1. e4 e5 2. Nf3 Nc6 3. Bc4 Nf6 4. d3 Bc5 5. O-O h6 6. c3 Bb6 7. b4 a6 8. a4 d6
9. a5 Ba7 10. Be3 Bxe3 11. fxe3 O-O 12. Qb3 Ng4 13. Re1 g6 14. Nbd2 Kg7 15. Nf1
Qe7 16. h3 Nf6 17. Ra2 Be6 18. Bxe6 Qxe6 19. c4 Nd8 20. Ng3 c5 21. b5 axb5 22.
Qxb5 Nc6 23. Ra3 Nb4 24. Re2 Qd7 25. d4 Qc7 26. d5 Ra6 27. Nd2 Rc8 28. Nb3 h5
29. h4 Qe7 30. Nd2 b6 31. Ngf1 Qd8 32. Nb3 Nxe4 0-1

[Event "II Liga CS - Istok"]
[Site "Golubac"]
[Date "2008.09.14"]
[Round "1.2"]
[White "Garic, Radomir"]
[Black "Zlatanovic, Zoran"]
[Result "1-0"]
[WhiteElo "2251"]
[BlackElo "2203"]
[PlyCount "109"]
[EventDate "2008.09.14"]

1. e4 c5 2. Nf3 d6 3. Bc4 e6 4. O-O Nf6 5. d3 Be7 6. Bb3 O-O 7. c3 Nc6 8. Re1
b6 9. Nbd2 Ba6 10. Nf1 Ne5 11. Bc2 Rc8 12. Ng3 Qc7 13. h3 Rfd8 14. Re3 d5 15.
Nxe5 Qxe5 16. f4 Qxf4 17. e5 Nd7 18. Qe2 Qh4 19. Rf3 Bg5 20. Bxg5 Qxg5 21. Re1
Rf8 22. h4 Qxh4 23. Qd2 f6 24. exf6 Rxf6 25. Rxf6 Nxf6 26. Qe3 Re8 27. Bd1 d4
28. cxd4 Qxd4 29. Qxd4 cxd4 30. Ba4 Rd8 31. Rxe6 Bxd3 32. Bb3 Kf8 33. Kf2 Bg6
34. Rc6 d3 35. Rc7 Rd7 36. Rc8+ Ke7 37. Bd1 Kd6 38. Ke3 Rc7 39. Rd8+ Ke5 40.
Bf3 Rc2 41. Nf1 Rxb2 42. Nd2 Rxa2 43. g4 h6 44. Bd1 Ra1 45. Nf3+ Ke6 46. Nd4+
Ke7 47. Nc6+ Kf7 48. Bb3+ Nd5+ 49. Bxd5+ Kf6 50. Kf4 Rf1+ 51. Bf3 Bh7 52. Rd6+
Kf7 53. Ke3 Re1+ 54. Kd2 Rf1 55. Bd5+ 1-0

[Event "II Liga CS - Istok"]
[Site "Golubac"]
[Date "2008.09.14"]
[Round "1.2"]
[White "Stojanovic, Jovica M"]
[Black "Stevic, Zarko"]
[Result "1-0"]
[WhiteElo "1934"]
[BlackElo "2290"]
[PlyCount "67"]
[EventDate "2008.09.14"]

1. e4 c5 2. Nf3 e6 3. d3 Nc6 4. g3 d6 5. Bg2 Nf6 6. O-O Be7 7. c3 Qc7 8. Re1 e5
9. Nbd2 O-O 10. Nc4 b5 11. Ne3 Nd8 12. Nh4 Re8 13. Nhf5 Bf8 14. g4 g6 15. g5
Nd7 16. Nd5 Qb8 17. Re3 Bb7 18. Rh3 Bxd5 19. exd5 f6 20. Qg4 Nf7 21. Qh4 h5 22.
Be4 Qd8 23. Rg3 Kh8 24. gxf6 Qxf6 25. Qxf6+ Nxf6 26. Rxg6 Nh7 27. h4 Be7 28.
Nh6 Nxh6 29. Rxh6 Rg8+ 30. Kh1 Rg7 31. Rxh5 Kg8 32. Bf5 Rf8 33. Be6+ Kh8 34.
Bh6 1-0

[Event "II Liga CS - Istok"]
[Site "Golubac"]
[Date "2008.09.14"]
[Round "1.3"]
[White "Pavlovic, Dean"]
[Black "Radosavljevic, Slobodan D"]
[Result "1-0"]
[WhiteElo "2277"]
[BlackElo "2267"]
[PlyCount "60"]
[EventDate "2008.09.14"]

1. c4 g6 2. Nc3 Bg7 3. g3 Nf6 4. Bg2 O-O 5. e3 c5 6. Nge2 Nc6 7. O-O d6 8. d4
Bg4 9. h3 cxd4 10. exd4 Bxe2 11. Nxe2 d5 12. b3 Rc8 13. cxd5 Nxd5 14. Bb2 Qd6
15. Qd2 Rfd8 16. Rac1 e6 17. Rfd1 h5 18. h4 Kh7 19. a3 Bh6 20. f4 Nde7 21. b4
Nf5 22. d5 exd5 23. Qxd5 Qc7 24. Qc5 Re8 25. Nc3 Qb8 26. Nd5 Ncd4 27. Nf6+ Kh8
28. Qd5 Rxc1 29. Rxc1 Ne2+ 30. Kh2 Bg7 1-0

[Event "II Liga CS - Istok"]
[Site "Golubac"]
[Date "2008.09.14"]
[Round "1.3"]
[White "Markovic, Milan D"]
[Black "Panic, Milan"]
[Result "1/2-1/2"]
[WhiteElo "2349"]
[BlackElo "2200"]
[PlyCount "88"]
[EventDate "2008.09.14"]

1. e4 e5 2. Nf3 Nc6 3. Bb5 a6 4. Ba4 Nf6 5. d4 exd4 6. O-O Be7 7. Re1 b5 8. Bb3
d6 9. Bd5 Nxd5 10. exd5 Ne5 11. Nxd4 O-O 12. a4 Bg4 13. Qd2 Bd7 14. Nc3 b4 15.
Ne4 Qb8 16. b3 Re8 17. Bb2 Qb7 18. Ne2 Bf8 19. N2g3 Re7 20. Nh5 Bf5 21. Neg3
Qc8 22. Qxb4 Bxc2 23. Qc3 Bg6 24. f4 Bxh5 25. fxe5 Bg6 26. exd6 cxd6 27. Rxe7
Qxc3 28. Bxc3 Bxe7 29. Re1 Bh4 30. Bb4 Bc2 31. Re3 Bf6 32. Ne2 Be5 33. Bc3 Rb8
34. Bxe5 dxe5 35. Rxe5 Bxb3 36. a5 f6 37. Re7 Bxd5 38. Nf4 Rb5 39. Ra7 Bb7 40.
Ne6 Rb1+ 41. Kf2 Rb2+ 42. Ke3 Bxg2 43. Rxg7+ Kh8 44. Rf7 h5 1/2-1/2

[Event "II Liga CS - Istok"]
[Site "Golubac"]
[Date "2008.09.14"]
[Round "1.3"]
[White "Kolbert, Engelbert"]
[Black "Popovic, Djordje D"]
[Result "0-1"]
[WhiteElo "2218"]
[BlackElo "2270"]
[PlyCount "122"]
[EventDate "2008.09.14"]

1. e4 c5 2. Nf3 d6 3. d4 cxd4 4. Nxd4 Nf6 5. Nc3 a6 6. Bg5 e6 7. f4 Qb6 8. Qd2
Qxb2 9. Rb1 Qa3 10. f5 Nc6 11. fxe6 fxe6 12. Nxc6 bxc6 13. e5 Nd5 14. Nxd5 cxd5
15. Be2 dxe5 16. O-O Be7 17. Kh1 Qc5 18. Bxe7 Qxe7 19. Qc3 Qd6 20. Qg3 g6 21.
Bd3 Rf8 22. Rfe1 Rf4 23. Qe3 Rb8 24. Qa7 Rxb1 25. Rxb1 Rf7 26. Qa8 Kd8 27. Rb8
Rc7 28. Bxa6 Qc6 29. Qxc6 Rxc6 30. Bxc8 Rxc8 31. Rb2 Kc7 32. Rb3 Kd6 33. Rb2
Rc3 34. Kg1 e4 35. Kf2 Ke5 36. Ke2 h5 37. Kd2 Ra3 38. c3 h4 39. g3 hxg3 40.
hxg3 Kf5 41. Rc2 Kg4 42. c4 dxc4 43. Rxc4 Kf3 44. Rc2 g5 45. g4 Kxg4 46. Ke2
Kf4 47. Kf2 g4 48. Re2 e3+ 49. Kg2 e5 50. Rc2 e4 51. Rb2 Rd3 52. Rb8 Rd2+ 53.
Kf1 Rxa2 54. Rf8+ Kg3 55. Re8 Ra4 56. Rf8 Ra1+ 57. Ke2 Kg2 58. Kxe3 Re1+ 59.
Kd2 Rf1 60. Rg8 g3 61. Ke2 Rf7 0-1

[Event "II Liga CS - Istok"]
[Site "Golubac"]
[Date "2008.09.14"]
[Round "1.3"]
[White "Ivanovic, Zoran M"]
[Black "Rajkovic, Branislav"]
[Result "0-1"]
[WhiteElo "2167"]
[BlackElo "2212"]
[PlyCount "101"]
[EventDate "2008.09.14"]

1. e4 e5 2. Nf3 Nc6 3. d4 exd4 4. Nxd4 Qh4 5. Nb5 Bb4+ 6. N1c3 Ba5 7. Be2 a6 8.
Nd4 Nge7 9. Nxc6 dxc6 10. Bf3 O-O 11. O-O Be6 12. Qd4 Bb6 13. Qb4 a5 14. Qa4
Ng6 15. g3 Qf6 16. Bg2 Bc5 17. e5 Qxe5 18. Qe4 Qxe4 19. Nxe4 Bb6 20. Bd2 Rad8
21. Bc3 Rfe8 22. Rfe1 h6 23. b3 Bd5 24. Kf1 f5 25. Nd2 f4 26. Be4 Bxe4 27. Rxe4
Rxe4 28. Nxe4 fxg3 29. hxg3 Rd5 30. Ke2 Bd4 31. Bxd4 Rxd4 32. Ke3 Rd8 33. f4
Kf7 34. c4 b6 35. Rh1 Ne7 36. g4 Nc8 37. Nd2 Re8+ 38. Kf3 Nd6 39. Rh5 Re1 40.
c5 Nb5 41. Nc4 Nd4+ 42. Kg3 Rg1+ 43. Kf2 Ra1 44. cxb6 cxb6 45. Nxb6 Rxa2+ 46.
Ke3 Nxb3 47. Nc4 c5 48. Kd3 a4 49. Rh1 Rf2 50. f5 Kf6 51. Kc3 0-1

[Event "II Liga CS - Istok"]
[Site "Golubac"]
[Date "2008.09.14"]
[Round "1.3"]
[White "Cvetanovic, Uros"]
[Black "Stojanovic, Ivan"]
[Result "1-0"]
[WhiteElo "2120"]
[BlackElo "2146"]
[PlyCount "101"]
[EventDate "2008.09.14"]

1. Nc3 c5 2. Nf3 Nf6 3. d4 cxd4 4. Nxd4 d6 5. e4 a6 6. Be2 e5 7. Nb3 Be6 8. Be3
Be7 9. Nd5 Bxd5 10. exd5 Nbd7 11. O-O Rc8 12. f4 Nb6 13. Bxb6 Qxb6+ 14. Kh1 O-O
15. c4 Nd7 16. f5 Bf6 17. Rb1 e4 18. Nd2 Qe3 19. Re1 Qf4 20. Qc2 Rfe8 21. Rf1
Qe3 22. Rbe1 Qd4 23. b3 b5 24. Qd1 b4 25. Qc2 Qc3 26. Bd1 e3 27. Ne4 Qxc2 28.
Bxc2 Be5 29. Rxe3 Nb6 30. Rfe1 Red8 31. R3e2 a5 32. Bb1 a4 33. g3 f6 34. Nf2
Ra8 35. Nd3 Bc3 36. Rf1 axb3 37. axb3 Ra3 38. Bc2 Kf8 39. Nf4 Kf7 40. Rf3 Nd7
41. Re6 Ne5 42. Rf2 Ra2 43. Kg2 Bd4 44. Re2 Rb2 45. Nh3 Bc5 46. Nf2 Ra8 47. Nd1
Rba2 48. Kf1 R8a3 49. Nf2 Ra1+ 50. Kg2 R3a2 51. Ne4 1-0

[Event "II Liga CS - Istok"]
[Site "Golubac"]
[Date "2008.09.14"]
[Round "1.5"]
[White "Kulak, Dejan"]
[Black "Kostic, Nebojsa"]
[Result "1/2-1/2"]
[WhiteElo "2280"]
[BlackElo "2315"]
[PlyCount "34"]
[EventDate "2008.09.14"]

1. e4 d6 2. d4 Nf6 3. Nc3 c6 4. g3 Qc7 5. a4 e5 6. Bg2 Be7 7. Nge2 b6 8. O-O a6
9. h3 Bb7 10. g4 O-O 11. Ng3 g6 12. Bh6 Rd8 13. Qd2 Kh8 14. Kh1 Ng8 15. Be3 Nd7
16. f4 exf4 17. Rxf4 f6 1/2-1/2

[Event "II Liga CS - Istok"]
[Site "Golubac"]
[Date "2008.09.14"]
[Round "1.5"]
[White "Mitrovic, Darko R"]
[Black "Pantic, Milivoje"]
[Result "1/2-1/2"]
[WhiteElo "2321"]
[BlackElo "2172"]
[PlyCount "53"]
[EventDate "2008.09.14"]

1. e4 e5 2. Nf3 Nc6 3. Bb5 Nf6 4. O-O Nxe4 5. d4 Nd6 6. Bxc6 dxc6 7. dxe5 Nf5
8. Qxd8+ Kxd8 9. Nc3 Ke8 10. Bf4 Be6 11. Rad1 h6 12. h3 Bb4 13. Bd2 Bxc3 14.
Bxc3 c5 15. Nd2 Ne7 16. Ne4 b6 17. Rd2 Rd8 18. Rfd1 Rxd2 19. Rxd2 Nd5 20. b3
Ke7 21. Bb2 Rd8 22. a3 Nf4 23. Rxd8 Kxd8 24. Nc3 c4 25. b4 Nd5 26. Kf1 Kd7 27.
Nb5 1/2-1/2

[Event "II Liga CS - Istok"]
[Site "Golubac"]
[Date "2008.09.14"]
[Round "1.5"]
[White "Vulicevic, Bratimir"]
[Black "Djokic, Vladan"]
[Result "1/2-1/2"]
[WhiteElo "2150"]
[BlackElo "2284"]
[PlyCount "36"]
[EventDate "2008.09.14"]

1. d4 d5 2. c4 Nc6 3. e3 Nf6 4. Nf3 Bg4 5. Be2 e6 6. O-O Be7 7. Nc3 O-O 8. b3
dxc4 9. bxc4 Na5 10. c5 b6 11. Qa4 Qe8 12. Bb5 c6 13. Be2 Nb7 14. Qa6 Na5 15.
cxb6 Bb4 16. b7 Nxb7 17. Bd2 Nd8 18. Rab1 Bd6 1/2-1/2

[Event "II Liga CS - Istok"]
[Site "Golubac"]
[Date "2008.09.14"]
[Round "1.5"]
[White "Stankovic, Dejan"]
[Black "Djukic, Stevan"]
[Result "1/2-1/2"]
[WhiteElo "2228"]
[BlackElo "2205"]
[PlyCount "33"]
[EventDate "2008.09.14"]

1. e4 c5 2. Nf3 Nc6 3. Bb5 e5 4. Bxc6 dxc6 5. O-O Qc7 6. d3 Ne7 7. a4 b6 8. Be3
Ng6 9. Nbd2 h6 10. a5 Rb8 11. axb6 axb6 12. Ra2 Be7 13. Qa1 O-O 14. b3 Be6 15.
Ra7 Rb7 16. Rxb7 Qxb7 17. Nc4 1/2-1/2

[Event "II Liga CS - Istok"]
[Site "Golubac"]
[Date "2008.09.14"]
[Round "1.5"]
[White "Radosavljevic, Novica"]
[Black "Keca, Dragomir"]
[Result "0-1"]
[WhiteElo "2125"]
[BlackElo "2202"]
[PlyCount "62"]
[EventDate "2008.09.14"]

1. Nf3 d5 2. c4 d4 3. g3 c5 4. Bg2 Nc6 5. O-O e5 6. d3 Bd6 7. e3 Nge7 8. exd4
cxd4 9. Na3 O-O 10. Nc2 a5 11. b3 Bg4 12. Qd2 Qd7 13. Re1 Qf5 14. Ng5 f6 15.
Ne4 Qd7 16. Nxd6 Qxd6 17. Ba3 Qd7 18. Bb2 Bh3 19. Bh1 Ng6 20. a3 Nf4 21. Reb1
Qg4 22. Re1 Rad8 23. Qd1 Qg6 24. Bc1 Bg4 25. f3 Nh3+ 26. Kg2 Bf5 27. Re4 Bxe4
28. fxe4 Nf4+ 29. Kf1 Ne6 30. Kg1 Nc5 31. Rb1 f5 0-1

[Event "II Liga CS - Istok"]
[Site "Golubac"]
[Date "2008.09.14"]
[Round "1.6"]
[White "Dimitrijevic, Srdjan"]
[Black "Denovic, Branislav"]
[Result "0-1"]
[WhiteElo "2297"]
[BlackElo "2135"]
[PlyCount "54"]
[EventDate "2008.09.14"]

1. e4 e5 2. Nf3 Nc6 3. d4 exd4 4. Nxd4 Qh4 5. Nc3 Bb4 6. Ndb5 Qxe4+ 7. Be2
Bxc3+ 8. bxc3 Kd8 9. O-O Qe5 10. Re1 Nf6 11. Bd3 Qh5 12. Bf4 d6 13. Qd2 a6 14.
Nxc7 Kxc7 15. Bxd6+ Kxd6 16. Bg6+ Qd5 17. Qf4+ Kc5 18. Qe3+ Kd6 19. c4 Qxc4 20.
Red1+ Kc7 21. Qg3+ Kb6 22. Rab1+ Ka7 23. Bd3 Qc5 24. Qc7 Ng4 25. Rd2 Rb8 26.
Be4 f5 27. Rd5 Qxf2+ 0-1

[Event "II Liga CS - Istok"]
[Site "Golubac"]
[Date "2008.09.14"]
[Round "1.6"]
[White "Popovic, Slobodan"]
[Black "Petkovic, Dragoslav"]
[Result "1-0"]
[WhiteElo "2137"]
[BlackElo "2263"]
[PlyCount "125"]
[EventDate "2008.09.14"]

1. c4 e5 2. Nc3 d6 3. g3 f5 4. d3 Nf6 5. Bg2 h6 6. Nf3 g5 7. e3 Bg7 8. Bd2 O-O
9. Qc2 Na6 10. Ne2 c6 11. O-O Qe8 12. Bc3 Be6 13. Nd2 Qh5 14. f3 Nc7 15. Rae1
Nd7 16. f4 Nf6 17. h3 Nd7 18. Nf3 Kh8 19. Nd2 Rae8 20. b3 Bg8 21. Qb2 Bh7 22.
b4 Rg8 23. Nf3 g4 24. Nh4 Bf6 25. fxe5 dxe5 26. hxg4 Rxg4 27. Nf3 Rg7 28. Kf2
Qg6 29. Rg1 e4 30. Nh4 Bxh4 31. Bxg7+ Qxg7 32. Qxg7+ Kxg7 33. gxh4 Ne5 34. Nf4
exd3 35. Bxc6+ Ng4+ 36. Rxg4+ fxg4 37. Bxe8 Nxe8 38. Rd1 Nf6 39. Nxd3 Ne4+ 40.
Kg2 Nc3 41. Rd2 Ne4 42. Rb2 Nd6 43. Ne5 Be4+ 44. Kg3 h5 45. c5 Nb5 46. Nc4 Bd5
47. Nd6 Nc3 48. a3 Kf6 49. Kf4 Bc6 50. e4 Ke6 51. Rc2 Nb1 52. b5 Bd7 53. a4 a6
54. Nxb7 axb5 55. a5 Na3 56. a6 Bc6 57. Nd8+ Kd7 58. Rd2+ Kc7 59. Nxc6 Kxc6 60.
a7 Kb7 61. Rd7+ Ka8 62. e5 g3 63. e6 1-0

[Event "II Liga CS - Istok"]
[Site "Golubac"]
[Date "2008.09.14"]
[Round "1.6"]
[White "Manojlovic, Nebojsa"]
[Black "Djuric, Ranko"]
[Result "0-1"]
[WhiteElo "2167"]
[BlackElo "2148"]
[PlyCount "82"]
[EventDate "2008.09.14"]

1. c4 Nf6 2. Nc3 g6 3. Nf3 Bg7 4. g3 O-O 5. Bg2 d6 6. O-O e5 7. d4 exd4 8. Nxd4
Nbd7 9. b3 Ne5 10. Bb2 Rb8 11. h3 Bd7 12. Qd2 Qc8 13. Kh2 Re8 14. Rae1 a6 15.
e4 c5 16. Nc2 Bxh3 17. f4 Bxg2 18. fxe5 Qh3+ 19. Kg1 Qh1+ 20. Kf2 Ng4+ 21. Ke2
Bxf1+ 22. Rxf1 Qg2+ 23. Ke1 Qxg3+ 24. Kd1 Bxe5 25. Kc1 Bxc3 26. Bxc3 Rxe4 27.
Qd5 Rf4 28. Rxf4 Qxf4+ 29. Kb2 b5 30. cxb5 axb5 31. a3 Nf6 32. Qc6 Ne4 33. Qc7
Rf8 34. Be1 Qe5+ 35. Kc1 Qd5 36. Kb2 c4 37. bxc4 bxc4 38. Bb4 Qd3 39. Qc6 h5
40. a4 Rb8 41. a5 c3+ 0-1

[Event "II Liga CS - Istok"]
[Site "Golubac"]
[Date "2008.09.14"]
[Round "1.6"]
[White "Rolj, Petar"]
[Black "Stankovic, Ivan G"]
[Result "0-1"]
[WhiteElo "2061"]
[BlackElo "2025"]
[PlyCount "64"]
[EventDate "2008.09.14"]

1. e4 c5 2. Nf3 Nc6 3. d4 cxd4 4. Nxd4 g6 5. Nxc6 bxc6 6. Qd4 Nf6 7. e5 Nd5 8.
e6 f6 9. exd7+ Bxd7 10. Bc4 e5 11. Qd1 Be6 12. O-O Bg7 13. Qf3 O-O 14. Nc3 f5
15. Rd1 e4 16. Qg3 Bf7 17. Bg5 Qb6 18. Bb3 f4 19. Qh4 Nxc3 20. bxc3 Bxb3 21.
cxb3 e3 22. fxe3 fxe3 23. Re1 e2+ 24. Kh1 Qb5 25. Be3 Rf1+ 26. Bg1 Bxc3 27. a4
Qd3 28. Rac1 Bxe1 29. Rxe1 Rxe1 30. Qxe1 Qd1 31. Bf2 Qxe1+ 32. Bxe1 Rf8 0-1

[Event "II Liga CS - Istok"]
[Site "Golubac"]
[Date "2008.09.14"]
[Round "1.6"]
[White "Petrovic, Milan M"]
[Black "Mitic, Jovan Dj"]
[Result "1/2-1/2"]
[WhiteElo "1988"]
[BlackElo "2132"]
[PlyCount "83"]
[EventDate "2008.09.14"]

1. c4 Nf6 2. g3 g6 3. Bg2 Bg7 4. Nc3 O-O 5. d3 d6 6. e4 Nc6 7. Nge2 Bg4 8. h3
Bd7 9. O-O e5 10. Be3 a6 11. Qd2 Rb8 12. Bg5 Qc8 13. Kh2 Nd4 14. Nxd4 exd4 15.
Ne2 c5 16. Qf4 Ne8 17. Be7 Be5 18. Qd2 f5 19. Bxf8 Kxf8 20. exf5 Bxf5 21. Nf4
b5 22. b3 Qd7 23. Nd5 h5 24. f4 Bg7 25. Rae1 Be6 26. Re2 Nf6 27. Nxf6 Bxf6 28.
Rfe1 Bf7 29. h4 bxc4 30. bxc4 Rb4 31. Bh3 Qd8 32. Be6 Be8 33. Qc2 Bxh4 34. gxh4
Qxh4+ 35. Kg1 Qg3+ 36. Kf1 Bc6 37. Bd5 Bd7 38. f5 Bxf5 39. Rf2 Kg7 40. Rxf5
Qh3+ 41. Kg1 Qxf5 42. Qf2 1/2-1/2